| 000 | 01358cam a2200253 4500 | ||
|---|---|---|---|
| 001 | ABS63163 | ||
| 008 | 000000n2000 000 0 eng u | ||
| 035 | _a(Sirsi) u109300 | ||
| 245 | _aRents - the ever increasing burden | ||
| 260 | _c2000 | ||
| 490 |
_aHousing Today _v(205) 12 October 2000, 16-17(2) |
||
| 520 | _aDiscusses the current climate of change in social housing, focusing on the challenges faced by housing associations (HAs). A survey by Housing Today highlights a number of factors HAs are having to contend with. Rent restructuring was felt to be a key challenge, with many HAs concerned about the impact of holding rents to RPI plus zero. The increase in ADP was generally welcomed, although half the respondents felt it was insufficient. Other commonly felt challenges included regeneration, addressing changing demand, Best Value, and financial constraints particularly in housing benefit administration. Finally HAs identified the items they would like to see included in a housing bill. | ||
| 590 | _aABS | ||
| 650 | _aHOUSING GREEN PAPER | ||
| 650 | _aRENTS | ||
| 650 | _aBEST VALUE | ||
| 650 | _aHOUSING BENEFIT | ||
| 650 | _aALL ITEMS RETAIL PRICES INDEX | ||
| 650 | _aSURVEYS | ||
| 650 | _aAPPROVED DEVELOPMENT PROGRAMME | ||
| 650 | _aHOUSING ASSOCIATIONS | ||
| 690 |
_aAffordable housing _96215 |
||
| 942 | _n0 | ||
| 999 |
_c65237 _d65237 |
||